LEADER 00638naa a2200145 i 4500 001 000000326763 003 CaOOAMICUS 005 20180831173528.0 008 180831n xx u000 u fre u 013 $a37923 040 $aSeMil$bita 245 13$aLa vocation de la famille dans le magistere de Paul VI. 650 4$aPaolo VI - Famiglia.$0(OLS)http://semarc/subject/26761 773 0 $tPaul 6. and the church in Africa.$dBrescia : Istituto Paolo 6., 2015.$kPubblicazioni dell'Istituto Paolo 6.$z978-88-382-4332-5$gp.75-88$w()249326 996 $6245$aLa vocation de la famille dans le magistere de Paul VI$9(OLS)http://semarc/title/399822 LEADER 00688nam a2200181 i 4500 001 000000220522 003 CaOOAMICUS 005 20130521000000.0 008 130521s1959 it u000 u mul u 013 $a199419 040 $aSeMil$bita 245 10$a6. 300 $a451 p. 500 $aEsemplare n. 153 di ed. numerata. 773 0 $tStudia Gratiana post octava Decreti saecularia auctore consilio commemorationi Gratianae instruendae edita.$d[Bononiae] : Apud Institutum iuridicum Universitatis studiorum bononiensis, 1953.$w()28551 850 $aSeMil 852 $aSeMil$W1$xVenegono$y1$m3L V 113$j170877$B170877$CSeMilBibl$Z2$F181445 $81 996 $6245$a6$9(OLS)http://semarc/title/51996